Trade and development report 2022 : overview : development prospects in a fractured world : global disorder and regional responses (Record no. 80762)

MARC details
000 -LEADER
fixed length control field 00997nam a22002537a 4500
003 - CONTROL NUMBER IDENTIFIER
control field CBULib
005 - DATE AND TIME OF LATEST TRANSACTION
control field 20240603081220.0
008 - FIXED-LENGTH DATA ELEMENTS--GENERAL INFORMATION
fixed length control field 230705b |||||||| |||| 00| 0 eng d
040 ## - CATALOGING SOURCE
Original cataloging agency CBULib
Transcribing agency CBULib
Language of cataloging English
Description conventions rda
041 ## - LANGUAGE CODE
Language code of text/sound track or separate title eng
050 ## - LIBRARY OF CONGRESS CALL NUMBER
Classification number UNCTAD(058)TDRO/2022
110 ## - MAIN ENTRY--CORPORATE NAME
Corporate name or jurisdiction name as entry element United Nations Conference in Trade and Development (UNCTAD)
245 ## - TITLE STATEMENT
Title Trade and development report 2022 : overview : development prospects in a fractured world : global disorder and regional responses
Statement of responsibility, etc / by United Nations Conference in Trade and Development (UNCTAD)
260 ## - PUBLICATION, DISTRIBUTION, ETC. (IMPRINT)
Place of publication, distribution, etc Geneva :
Name of publisher, distributor, etc United Nations,
Date of publication, distribution, etc 2023
300 ## - PHYSICAL DESCRIPTION
Extent 24 pages
336 ## - CONTENT TYPE
Source rdacontent
Content type term Text |
Content type code txt
337 ## - MEDIA TYPE
Source rdamedia
Media type term Unmediated |
Media type code n
338 ## - CARRIER TYPE
Source rdacarrier
Carrier type term Volume
Carrier type code nc
610 ## - SUBJECT ADDED ENTRY--CORPORATE NAME
Corporate name or jurisdiction name as entry element UNITED NATIONS CONFERENCE ON TRADE AND DEVELOPMENT (UNCTAD)
650 ## - SUBJECT ADDED ENTRY--TOPICAL TERM
Topical term or geographic name as entry element INTERNATIONAL ECONOMIC RELATIONS--PERIODICALS
650 ## - SUBJECT ADDED ENTRY--TOPICAL TERM
Topical term or geographic name as entry element TRADE AND DEVELOPMENT
650 ## - SUBJECT ADDED ENTRY--TOPICAL TERM
Topical term or geographic name as entry element GLOBALIZATION--ECONOMIC ASPECTS
942 ## - ADDED ENTRY ELEMENTS (KOHA)
Koha item type INTERNATIONAL PUBLICATIONS
Source of classification or shelving scheme
Holdings
Withdrawn status Lost status Source of classification or shelving scheme Damaged status Not for loan Collection code Permanent Location Current Location Shelving location Date acquired Source of acquisition Full call number Barcode Date last seen Copy number Price effective from Koha item type
          Special Collections CBU-MAIN LIBRARY, KITWE. CBU-MAIN LIBRARY, KITWE. Special Collections 07/05/2023 DEP-UNCTAD UNCTAD(058)TDRO/2022 B80762 07/05/2023 1 07/05/2023 INTERNATIONAL PUBLICATIONS